[Event "Shenzhen WGP 2011"]
[Site "Shenzhen CHN"]
[Date "2011.09.07"]
[Round "1"]
[White "Zhao, Xue"]
[Black "Munguntuul, Batkhuyag"]
[Result "1-0"]
[WhiteTitle "GM"]
[BlackTitle "IM"]
[WhiteElo "2497"]
[BlackElo "2465"]
[WhiteFideId "8601283"]
[BlackFideId "4900758"]
[EventDate "2011.09.07"]

1. d4 d5 2. c4 c6 3. Nc3 Nf6 4. Nf3 e6 5. g3 dxc4 6. Bg2 b5 7. Ne5 Nd5 8. O-O
Bb7 9. a4 a6 10. e4 Nxc3 11. bxc3 Nd7 12. Bf4 Be7 13. Qg4 g6 14. Bh6 Nxe5 15.
dxe5 Qc7 16. Qf4 Rg8 17. h4 Rd8 18. Rfd1 a5 19. Bg5 b4 20. Bf1 Ba6 21. Rxd8+
Qxd8 22. Bxe7 Qxe7 23. Qe3 c5 24. Rd1 b3 25. Rd6 Qb7 26. Qd2 Qb8 27. Qd1 b2 28.
Qb1 Ke7 29. Rxa6 Rd8 30. Rxa5 Rd1 31. Rb5 Qxb5 32. Qxd1 Qb6 33. Qb1 Qb3 34. Bxc4
Qxc4 35. Qxb2 Qxa4 36. Qb7+ Kf8 37. Qc8+ Kg7 38. Qxc5 Qxe4 39. Qd4 Qb1+ 40. Kh2
h5 41. c4 Qb4 42. Kg2 Qb7+ 43. Kf1 Qb1+ 44. Ke2 Qc2+ 45. Ke3 Qc1+ 46. Kf3 Qa3+
47. Ke4 Qa8+ 48. Kd3 Qa3+ 49. Ke4 Qa8+ 50. Kf4 Qa4 51. Qc3 Kh7 52. Ke3 Kg7 53.
c5 Qc6 54. Qc4 Qc7 55. Qd4 Qb7 56. Kf4 Qb1 57. Qc3 Qa2 58. Ke3 Qa7 59. Kf3 Kf8
60. c6 Ke8 61. Qd3 Qa8 62. Qd7+ Kf8 63. Qb7 1-0

[Event "Shenzhen WGP 2011"]
[Site "Shenzhen CHN"]
[Date "2011.09.07"]
[Round "1"]
[White "Hou, Yifan"]
[Black "Kovalevskaya, Ekaterina"]
[Result "1-0"]
[WhiteTitle "GM"]
[BlackTitle "IM"]
[WhiteElo "2578"]
[BlackElo "2421"]
[WhiteFideId "8602980"]
[BlackFideId "4116704"]
[EventDate "2011.09.07"]

1. e4 e5 2. Nf3 Nc6 3. Bc4 Bc5 4. O-O Nf6 5. d3 O-O 6. a3 a6 7. h3 d6 8. Nc3 h6
9. Be3 Bxe3 10. fxe3 Be6 11. Nd5 Bxd5 12. exd5 Ne7 13. e4 Ng6 14. Bb3 Nd7 15. c3
Nh4 16. Qe1 Nxf3+ 17. Rxf3 g6 18. Qf2 Kg7 19. Rf1 Qe7 20. Bd1 h5 21. h4 Rad8 22.
b4 f6 23. Rg3 Rh8 24. Qf5 Rh6 25. Bxh5 Nf8 26. Qf3 Kf7 27. Bg4 Rxh4 28. Rh3 Rxh3
29. Qxh3 Kg7 30. Kf2 Nh7 31. Rh1 Kh8 32. Ke2 b6 33. Be6 Qg7 34. Qh4 Rf8 35. Rh3
f5 36. exf5 gxf5 37. Rg3 Qf6 38. Qh5 e4 39. Rh3 Qg7 40. g3 Qg4+ 41. Ke1 Qxh5 42.
Rxh5 Kg7 43. Bxf5 Nf6 44. Rg5+ Kh8 45. dxe4 Re8 46. Rg6 Nxd5 47. Kd2 Re5 48. Re6
Rxe6 49. Bxe6 Ne7 50. Bc4 b5 51. Bb3 Kg7 52. a4 Kf6 53. a5 Ke5 54. Ke3 c6 55. c4
c5 56. cxb5 axb5 57. a6 Nc8 58. Bd5 Na7 59. g4 Nc8 60. g5 Na7 61. bxc5 dxc5 62.
g6 Kf6 63. Bf7 b4 64. Kd3 b3 65. Bxb3 Kxg6 66. Kc4 Kf6 67. Kxc5 Ke5 68. Bd5 1-0

[Event "Shenzhen WGP 2011"]
[Site "Shenzhen CHN"]
[Date "2011.09.07"]
[Round "1"]
[White "Muzychuk, Anna"]
[Black "Danielian, Elina"]
[Result "1-0"]
[WhiteTitle "IM"]
[BlackTitle "GM"]
[WhiteElo "2545"]
[BlackElo "2517"]
[WhiteFideId "14111330"]
[BlackFideId "13300210"]
[EventDate "2011.09.07"]

1. e4 c6 2. d4 d5 3. e5 Bf5 4. Nf3 e6 5. Be2 c5 6. Be3 cxd4 7. Nxd4 Ne7 8. O-O
Nbc6 9. Bb5 a6 10. Bxc6+ bxc6 11. c4 dxc4 12. Qa4 Bd3 13. Rd1 Qd7 14. Na3 c5 15.
Ndb5 Nd5 16. b3 Rb8 17. Qxa6 Nxe3 18. fxe3 Be7 19. Nxc4 O-O 20. Nbd6 Bxc4 21.
Qxc4 Qa7 22. Rd2 Rb4 23. Qc3 Rg4 24. Rf1 Bg5 25. h3 Rg3 26. Re2 Bh6 27. Kh2 Rg6
28. e4 Bg5 29. g3 Be7 30. Ref2 f6 31. Qc4 fxe5 32. Nf5 Rd8 33. a4 h6 34. a5 Bg5
35. h4 Kh7 36. Nxg7 Rd4 37. Qe2 Rd2 38. Qf3 Rxf2+ 39. Rxf2 Rf6 40. Qe2 Kxg7 41.
hxg5 Rxf2+ 42. Qxf2 hxg5 43. b4 Qa6 44. bxc5 Qxa5 45. Qc2 Kf6 46. c6 Qc7 47. Kh3
Qh7+ 48. Kg2 Qc7 49. Kf3 Kg6 50. Qc4 Kf6 51. Kg4 Qd6 52. Qc1 Qd3 53. Qxg5+ Kf7
54. Qxe5 Qc4 55. c7 Ke7 56. Kg5 Kd7 57. g4 Qa6 58. Kf6 Qf1+ 59. Kg7 Qa6 60. g5
Qa2 61. Qc5 Kc8 62. Qd6 Qb2+ 63. Kg8 Kb7 64. Qd7 1-0

[Event "Shenzhen WGP 2011"]
[Site "Shenzhen CHN"]
[Date "2011.09.07"]
[Round "1"]
[White "Tan, Zhongyi"]
[Black "Ju, Wenjun"]
[Result "1/2-1/2"]
[WhiteTitle "WGM"]
[BlackTitle "WGM"]
[WhiteElo "2429"]
[BlackElo "2536"]
[WhiteFideId "8603642"]
[BlackFideId "8603006"]
[EventDate "2011.09.07"]

1. d4 Nf6 2. c4 g6 3. Nf3 Bg7 4. g3 O-O 5. Bg2 d6 6. O-O Nc6 7. Nc3 Rb8 8. b3 a6
9. Nd5 Bg4 10. Bb2 e6 11. Ne3 Bxf3 12. Bxf3 d5 13. Ng2 Ne7 14. Nf4 Nf5 15. e3 c6
16. Qc2 Re8 17. Rfe1 h5 18. Rad1 Qe7 19. cxd5 cxd5 20. Rc1 Bf8 21. Nd3 Nd6 22.
Ba3 Qd8 23. Ne5 Rc8 24. Qd3 Kg7 25. Rxc8 Qxc8 26. Rc1 Qb8 27. Bc5 Rc8 28. Rc2
Qc7 29. Bd1 Qd8 30. Bf3 Qc7 31. Bd1 Qd8 32. Bf3 Qc7 33. Bd1 1/2-1/2

[Event "Shenzhen WGP 2011"]
[Site "Shenzhen CHN"]
[Date "2011.09.07"]
[Round "1"]
[White "Cmilyte, Viktorija"]
[Black "Ruan, Lufei"]
[Result "1/2-1/2"]
[WhiteTitle "GM"]
[BlackTitle "WGM"]
[WhiteElo "2525"]
[BlackElo "2477"]
[WhiteFideId "12801259"]
[BlackFideId "8602727"]
[EventDate "2011.09.07"]

1. d4 d5 2. c4 c6 3. Nf3 Nf6 4. Nc3 dxc4 5. a4 Bf5 6. e3 e6 7. Bxc4 Bb4 8. O-O
Nbd7 9. Qe2 O-O 10. e4 Bg6 11. Bd3 Bh5 12. e5 Nd5 13. Nxd5 cxd5 14. Qe3 Be7 15.
Bd2 Bg6 16. Bxg6 hxg6 17. Ne1 Qb6 18. Nd3 Qb3 19. Bc3 Rac8 20. a5 Rc6 21. g3 Nb8
22. h4 Na6 23. Kg2 Nc7 24. Nc1 Qc2 25. Nd3 Qb3 26. Nc1 Qc2 27. Na2 Qb3 28. Rfc1
Na6 29. Rh1 Qc2 30. Rhc1 Qb3 31. Qe2 Rfc8 32. h5 g5 33. Rh1 Qc4 34. Qf3 f5 35.
exf6 Bxf6 36. h6 Rf8 37. hxg7 Bxg7 38. Qe3 e5 39. dxe5 Nc5 40. Nb4 Re6 41. f3 d4
42. Qxd4 Qe2+ 43. Qf2 Qxf2+ 44. Kxf2 Ne4+ 45. Kg2 Nxc3 46. bxc3 Rxe5 47. a6 Re2+
48. Kh3 Bxc3 49. Ra2 Re5 50. axb7 Bxb4 51. Rxa7 Rb5 52. Rb1 Rb8 53. Kg4 R8xb7
54. Rxb7 Rxb7 55. f4 gxf4 56. gxf4 Kf7 57. Kf5 Rb6 58. Ke4 Re6+ 59. Kf3 Bd6 60.
Ra1 Rf6 61. Ra4 Kg6 62. Kg4 Kh6 63. Rc4 Bxf4 1/2-1/2

[Event "Shenzhen WGP 2011"]
[Site "Shenzhen CHN"]
[Date "2011.09.08"]
[Round "2"]
[White "Ju, Wenjun"]
[Black "Cmilyte, Viktorija"]
[Result "1/2-1/2"]
[WhiteTitle "WGM"]
[BlackTitle "GM"]
[WhiteElo "2536"]
[BlackElo "2525"]
[WhiteFideId "8603006"]
[BlackFideId "12801259"]
[EventDate "2011.09.07"]

1. d4 Nf6 2. c4 g6 3. g3 Bg7 4. Bg2 c5 5. Nf3 Qa5+ 6. Nbd2 cxd4 7. Nxd4 Nc6 8.
Nb5 a6 9. Nc3 d6 10. O-O Qh5 11. Nd5 Nxd5 12. cxd5 Ne5 13. f4 Ng4 14. Nf3 Nf6
15. e4 Bh3 16. Bxh3 Qxh3 17. e5 dxe5 18. fxe5 Ng4 19. Qe2 O-O 20. Bf4 Qh5 21.
Rad1 Rad8 22. Rfe1 h6 23. Kg2 g5 24. Bc1 f6 25. e6 f5 26. b3 Nf6 27. d6 Rxd6 28.
Ba3 Rxd1 29. Rxd1 g4 30. Nh4 f4 31. Qd3 f3+ 32. Kf1 Re8 33. Bb2 Qg5 34. Nf5 Bf8
35. a4 Rc8 36. Ba3 Qh5 37. Nh4 Qe5 38. Qg6+ Bg7 39. Re1 Qd5 40. Bxe7 f2 41. Kxf2
Qd2+ 42. Re2 Qd4+ 43. Kf1 Rc1+ 44. Re1 Rxe1+ 45. Kxe1 Qg1+ 46. Ke2 Qxh2+ 47. Kf1
Qh1+ 48. Kf2 Ne4+ 49. Ke3 Qe1+ 50. Kf4 Nf2 51. Qf7+ Kh7 52. Qg6+ Kg8 53. Qf7+
Kh7 54. Qg6+ Kg8 1/2-1/2

[Event "Shenzhen WGP 2011"]
[Site "Shenzhen CHN"]
[Date "2011.09.08"]
[Round "2"]
[White "Danielian, Elina"]
[Black "Tan, Zhongyi"]
[Result "1/2-1/2"]
[WhiteTitle "GM"]
[BlackTitle "WGM"]
[WhiteElo "2517"]
[BlackElo "2429"]
[WhiteFideId "13300210"]
[BlackFideId "8603642"]
[EventDate "2011.09.07"]

1. d4 d5 2. c4 e6 3. Nf3 Nf6 4. e3 c5 5. a3 cxd4 6. exd4 b6 7. Nc3 Be7 8. cxd5
Nxd5 9. Bb5+ Bd7 10. Bd3 Nc6 11. O-O O-O 12. Nxd5 exd5 13. h3 Bf6 14. Be3 Ne7
15. Rc1 Nf5 16. Bf4 Rc8 17. Rxc8 Qxc8 18. Qd2 Qb7 19. Re1 Nxd4 20. Nxd4 Bxd4 21.
Bxh7+ Kxh7 22. Qxd4 Re8 23. Rc1 Rc8 24. Rd1 Be6 25. Re1 Rc4 26. Qd3+ Kg8 27. Be5
Qe7 28. Qg3 f6 29. Bf4 Re4 30. Rc1 Rc4 31. Rd1 Kf7 32. h4 Bf5 33. b3 Rc2 34. Be3
Be4 35. h5 Rc8 36. Bd4 Qxa3 37. Qf4 Qe7 38. Re1 Qb4 39. Rd1 Qe7 40. h6 g5 41.
Qg3 Kg6 42. Qe3 Qe6 43. Re1 Qg4 44. Qh3 Qxh3 45. gxh3 Rh8 46. f3 Bf5 47. Re7
Rxh6 48. Rxa7 Rxh3 49. Kg2 g4 50. fxg4 Bxg4 51. Ra6 Rxb3 52. Rxb6 Rf3 53. Rd6
Rf5 54. Kg3 Bf3 55. Rxf6+ Rxf6 1/2-1/2

[Event "Shenzhen WGP 2011"]
[Site "Shenzhen CHN"]
[Date "2011.09.08"]
[Round "2"]
[White "Kovalevskaya, Ekaterina"]
[Black "Muzychuk, Anna"]
[Result "1/2-1/2"]
[WhiteTitle "IM"]
[BlackTitle "IM"]
[WhiteElo "2421"]
[BlackElo "2545"]
[WhiteFideId "4116704"]
[BlackFideId "14111330"]
[EventDate "2011.09.07"]

1. c4 c5 2. Nf3 Nc6 3. d4 cxd4 4. Nxd4 Nf6 5. Nc3 e6 6. a3 d5 7. cxd5 exd5 8. e3
Bd6 9. Be2 O-O 10. O-O Re8 11. Bf3 Be5 12. h3 a6 13. Nde2 Be6 14. Nf4 Bxf4 15.
exf4 d4 16. Ne4 Nxe4 17. Bxe4 Bd5 18. Bd3 Be4 19. Bxe4 Rxe4 20. Qd3 Qd5 21. Bd2
Rae8 22. Rfe1 f5 23. f3 Rxe1+ 24. Rxe1 Rxe1+ 25. Bxe1 b5 26. b3 g6 27. a4 Kf7
28. axb5 axb5 29. Kf1 Qc5 30. Ke2 Nd8 31. Kd1 Ne6 32. Bd2 Ke7 33. Qb1 Kd7 34.
Ke2 Qd5 35. Qa2 d3+ 36. Kd1 Qc5 37. Qa8 Qg1+ 38. Be1 Qf1 39. Qa7+ Kd6 40. Qb6+
Ke7 41. Qa7+ Kf8 42. Qb8+ Kg7 43. Qa7+ Kf6 44. Qa1+ Ke7 45. Qa7+ Kd6 46. Qb6+
Ke7 1/2-1/2

[Event "Shenzhen WGP 2011"]
[Site "Shenzhen CHN"]
[Date "2011.09.08"]
[Round "2"]
[White "Munguntuul, Batkhuyag"]
[Black "Hou, Yifan"]
[Result "0-1"]
[WhiteTitle "IM"]
[BlackTitle "GM"]
[WhiteElo "2465"]
[BlackElo "2578"]
[WhiteFideId "4900758"]
[BlackFideId "8602980"]
[EventDate "2011.09.07"]

1. e4 c5 2. Nf3 e6 3. d4 cxd4 4. Nxd4 a6 5. Nc3 d6 6. Be2 b5 7. O-O Bb7 8. Re1
Nf6 9. Bf3 Nbd7 10. g3 Be7 11. a4 b4 12. Na2 a5 13. c3 Nc5 14. Bg5 bxc3 15. Nxc3
h6 16. Bxf6 Bxf6 17. e5 dxe5 18. Bxb7 Nxb7 19. Nf3 O-O 20. Nxe5 Qxd1 21. Raxd1
Rfd8 22. Nd7 Be7 23. Rd3 Ra6 24. Nb5 Rc6 25. Re2 f6 26. Red2 Kf7 27. Na7 Rd6 28.
Rxd6 Bxd6 29. Nb6 Bc5 30. Rxd8 Nxd8 31. Nac8 Ke8 32. b4 axb4 33. a5 b3 34. Na4
Nc6 35. a6 Kd8 36. a7 Nxa7 37. Nxa7 Bxa7 38. Nc3 Bd4 39. Nb1 Kd7 40. Kf1 Kc6 41.
Ke2 Kd5 42. Nd2 b2 43. f3 Bc3 44. Nb1 Kc4 0-1

[Event "Shenzhen WGP 2011"]
[Site "Shenzhen CHN"]
[Date "2011.09.09"]
[Round "3"]
[White "Muzychuk, Anna"]
[Black "Munguntuul, Batkhuyag"]
[Result "1/2-1/2"]
[WhiteTitle "IM"]
[BlackTitle "IM"]
[WhiteElo "2545"]
[BlackElo "2465"]
[WhiteFideId "14111330"]
[BlackFideId "4900758"]
[EventDate "2011.09.07"]

1. e4 c5 2. Nf3 e6 3. c4 Nc6 4. d4 cxd4 5. Nxd4 Nf6 6. Nc3 d6 7. Be2 Be7 8. Be3
O-O 9. O-O Bd7 10. Nb3 Rc8 11. Rc1 Qc7 12. f4 Qb8 13. c5 e5 14. Nd5 Rfe8 15.
cxd6 Bxd6 16. Nxf6+ gxf6 17. fxe5 Rxe5 18. Bf4 Re6 19. Qd2 Bxf4 20. Rxf4 Qd6 21.
Qe3 Ne5 22. Rxc8+ Bxc8 23. Qxa7 Ng6 24. Rf1 Rxe4 25. Bf3 Re8 26. Qc5 Qe5 27.
Qxe5 fxe5 28. Be4 Kg7 29. Nc5 Re7 30. g3 Bh3 31. Rc1 b6 32. Na4 Ra7 33. Nc3 Ne7
34. Rd1 Rd7 35. Rxd7 Bxd7 36. a4 f5 37. Bb7 Kf6 38. b4 Ke6 39. a5 bxa5 40. bxa5
Kd6 41. a6 Kc7 42. g4 fxg4 43. Ne4 Kb6 44. Nf6 Bc6 45. Bxc6 Nxc6 46. Nxh7 Nd4
47. Nf6 Nf3+ 48. Kg2 Nxh2 49. Kxh2 Kxa6 50. Nxg4 1/2-1/2

[Event "Shenzhen WGP 2011"]
[Site "Shenzhen CHN"]
[Date "2011.09.09"]
[Round "3"]
[White "Tan, Zhongyi"]
[Black "Kovalevskaya, Ekaterina"]
[Result "1-0"]
[WhiteTitle "WGM"]
[BlackTitle "IM"]
[WhiteElo "2429"]
[BlackElo "2421"]
[WhiteFideId "8603642"]
[BlackFideId "4116704"]
[EventDate "2011.09.07"]

1. d4 d5 2. c4 e6 3. Nf3 c5 4. cxd5 exd5 5. g3 Nc6 6. Bg2 cxd4 7. Nxd4 Qb6 8.
Nb3 Bb4+ 9. Bd2 Nf6 10. O-O Bxd2 11. Qxd2 O-O 12. e3 Rd8 13. Nc3 Bf5 14. Rad1
Rac8 15. Qe2 Ne5 16. h3 Be6 17. Nd4 Nc4 18. b3 Nd6 19. Rc1 Qa5 20. Qd3 Bd7 21.
Qd2 b5 22. Nde2 b4 23. Nxd5 Nxd5 24. Qxd5 Qxd5 25. Bxd5 Bxh3 26. Rfd1 Kf8 27.
Nd4 Bd7 28. Bc6 Be6 29. Rc5 Nf5 30. Nxe6+ fxe6 31. Rxd8+ Rxd8 32. Ra5 h5 33.
Rxa7 g5 34. Be4 Rd1+ 35. Kg2 Nd6 36. Bf3 Rd2 37. Bxh5 Ne4 38. Bg6 Nc3 39. Rf7+
Kg8 40. Rb7 Nd1 41. Bf7+ Kf8 42. Kg1 Nxf2 43. Bxe6 Nd1 44. Rxb4 Rxa2 45. Re4 Nc3
46. Rg4 Ke7 47. Bc4 Kf6 48. Rd4 Ne2+ 49. Bxe2 Rxe2 50. Re4 Kf5 51. Kf1 Rb2 52.
Rb4 g4 53. Rf4+ Kg5 54. b4 Rb1+ 55. Ke2 Rg1 56. Kf2 Rb1 57. Ke2 Rg1 58. Rf1 Rxg3
59. Rb1 Rg2+ 60. Kd3 Rf2 61. b5 Rf8 62. b6 Kh4 63. b7 Rb8 64. Ke4 g3 65. Kf3 1-0

[Event "Shenzhen WGP 2011"]
[Site "Shenzhen CHN"]
[Date "2011.09.09"]
[Round "3"]
[White "Cmilyte, Viktorija"]
[Black "Danielian, Elina"]
[Result "1-0"]
[WhiteTitle "GM"]
[BlackTitle "GM"]
[WhiteElo "2525"]
[BlackElo "2517"]
[WhiteFideId "12801259"]
[BlackFideId "13300210"]
[EventDate "2011.09.07"]

1. d4 d5 2. c4 c6 3. Nf3 Nf6 4. Nc3 dxc4 5. a4 Bf5 6. e3 e6 7. Bxc4 Bb4 8. O-O
O-O 9. Qe2 Nbd7 10. e4 Bg6 11. Bd3 c5 12. e5 cxd4 13. exf6 dxc3 14. fxg7 Kxg7
15. Rd1 Qc7 16. Bxg6 hxg6 17. Rd4 Bd6 18. Qd1 Rfd8 19. Rxd6 c2 20. Qd2 Kg8 21.
Rd3 Nf6 22. Raa3 Ne4 23. Qe2 Nc5 24. Qxc2 Qb6 25. Rxd8+ Rxd8 26. h4 Qd6 27. Be3
Nd3 28. Bg5 Nb4 29. Qd2 Qxd2 30. Bxd2 1-0

[Event "Shenzhen WGP 2011"]
[Site "Shenzhen CHN"]
[Date "2011.09.09"]
[Round "3"]
[White "Ruan, Lufei"]
[Black "Ju, Wenjun"]
[Result "1/2-1/2"]
[WhiteTitle "WGM"]
[BlackTitle "WGM"]
[WhiteElo "2477"]
[BlackElo "2536"]
[WhiteFideId "8602727"]
[BlackFideId "8603006"]
[EventDate "2011.09.07"]

1. e4 c5 2. Nf3 d6 3. d4 cxd4 4. Qxd4 Nc6 5. Bb5 Bd7 6. Bxc6 Bxc6 7. Nc3 Nf6 8.
Bg5 e6 9. O-O-O Be7 10. Qd3 Qa5 11. h4 h6 12. Bxf6 Bxf6 13. Nd4 Qb6 14. f4 Bxd4
15. Qxd4 Qxd4 16. Rxd4 Ke7 17. Re1 g5 18. Nd5+ Bxd5 19. exd5 gxf4 20. dxe6 fxe6
21. Rxf4 Rhf8 22. Rfe4 e5 23. R1e2 Ke6 24. Kd2 Rf1 25. Rg4 Raf8 26. Rg6+ R8f6
27. Rg7 Rf7 28. Rg6+ R1f6 29. Rg8 Rf8 30. Rg7 R8f7 31. Rg8 Rf8 1/2-1/2

[Event "Shenzhen WGP 2011"]
[Site "Shenzhen CHN"]
[Date "2011.09.10"]
[Round "4"]
[White "Kovalevskaya, Ekaterina"]
[Black "Cmilyte, Viktorija"]
[Result "1/2-1/2"]
[WhiteTitle "IM"]
[BlackTitle "GM"]
[WhiteElo "2421"]
[BlackElo "2525"]
[WhiteFideId "4116704"]
[BlackFideId "12801259"]
[EventDate "2011.09.07"]

1. c4 g6 2. Nf3 Bg7 3. g3 c5 4. Bg2 Nc6 5. O-O e6 6. Nc3 Nge7 7. d4 cxd4 8. Nb5
d5 9. cxd5 exd5 10. Nbxd4 O-O 11. Be3 Re8 12. Qd2 Nf5 13. Nxf5 Bxf5 14. Rfd1 Qf6
15. Nd4 Nxd4 16. Bxd4 Qxd4 17. Qxd4 Bxd4 18. Rxd4 Rxe2 19. Bxd5 Rae8 20. g4 Be4
21. Bxe4 R8xe4 22. Rxe4 Rxe4 23. h3 Re2 24. Rb1 Kg7 25. a3 Rd2 26. Kg2 b5 27. b3
Ra2 28. a4 bxa4 29. bxa4 Rxa4 30. Rb7 h6 31. Kg3 Ra3+ 32. f3 g5 33. Rc7 a5 34.
Ra7 a4 35. h4 Ra1 36. h5 a3 37. Ra6 Ra2 38. Ra7 Ra1 39. Ra6 Kf8 40. Kg2 a2 41.
Ra7 Ke8 42. Ra3 Ke7 43. Ra6 Kd7 44. Ra7+ Kd6 45. Ra8 Kc6 46. Ra5 Kb6 47. Ra3 Kc5
48. Ra8 Kd4 49. Rd8+ Ke3 50. Re8+ Kd3 51. Rd8+ Ke3 52. Re8+ Kd3 1/2-1/2

[Event "Shenzhen WGP 2011"]
[Site "Shenzhen CHN"]
[Date "2011.09.10"]
[Round "4"]
[White "Munguntuul, Batkhuyag"]
[Black "Tan, Zhongyi"]
[Result "1/2-1/2"]
[WhiteTitle "IM"]
[BlackTitle "WGM"]
[WhiteElo "2465"]
[BlackElo "2429"]
[WhiteFideId "4900758"]
[BlackFideId "8603642"]
[EventDate "2011.09.07"]

1. e4 e5 2. Nf3 Nf6 3. Nxe5 d6 4. Nf3 Nxe4 5. Nc3 Nxc3 6. dxc3 Be7 7. Be3 Nc6 8.
Qd2 Be6 9. O-O-O Qd7 10. Kb1 a6 11. h4 h6 12. Nd4 Nxd4 13. Bxd4 Rg8 14. c4 c5
15. Bc3 Qc6 16. Bd3 O-O-O 17. f3 d5 18. cxd5 Bxd5 19. Qe3 Qe6 20. Qxe6+ Bxe6 21.
g4 g6 22. Rde1 h5 23. a4 Rde8 24. gxh5 gxh5 25. Re5 Rh8 26. f4 Bd6 27. Rg5 Be7
28. Bxh8 Bxg5 29. hxg5 Rxh8 30. f5 Bd5 31. Rh4 Kd7 32. Kc1 Kd6 33. g6 Ke5 34.
Be2 Kxf5 35. g7 Rg8 36. Rxh5+ Ke6 37. c4 Bc6 38. Rxc5 Rxg7 39. a5 f5 40. b4 Be4
41. Kd2 f4 42. Bf1 Rh7 43. b5 Rh1 44. bxa6 bxa6 45. Ke2 Rh2+ 46. Ke1 f3 47. Rc8
Ke5 48. Rd8 Ra2 49. Bd3 Bxd3 50. Rxd3 Kf4 51. Rd5 f2+ 52. Kf1 Ke3 53. Re5+ Kd4
54. Re6 Rxa5 55. Kxf2 Rf5+ 56. Ke2 a5 57. Kd2 Rf2+ 58. Kc1 a4 59. c5 Kxc5 1/2-1/2

[Event "Shenzhen WGP 2011"]
[Site "Shenzhen CHN"]
[Date "2011.09.12"]
[Round "5"]
[White "Muzychuk, Anna"]
[Black "Zhao, Xue"]
[Result "1/2-1/2"]
[WhiteTitle "IM"]
[BlackTitle "GM"]
[WhiteElo "2545"]
[BlackElo "2497"]
[WhiteFideId "14111330"]
[BlackFideId "8601283"]
[EventDate "2011.09.07"]

1. e4 e5 2. Nf3 Nc6 3. d4 exd4 4. Nxd4 Bc5 5. Nxc6 Qf6 6. Qf3 dxc6 7. Nc3 Be6 8.
Qg3 O-O-O 9. Be3 Bxe3 10. Qxe3 Qd4 11. Qxd4 Rxd4 12. Bd3 Ne7 13. O-O-O c5 14.
Be2 c6 15. f4 Kc7 16. f5 Bc8 17. g4 Re8 18. Bf3 b6 19. Ne2 Rxd1+ 20. Rxd1 Bd7
21. Ng3 g6 22. Kd2 f6 23. h4 h5 24. gxh5 gxf5 25. exf5 Nxf5 26. Nxf5 Bxf5 27. c3
Be4 28. Re1 f5 29. Bxe4 fxe4 30. h6 Kd6 31. Rg1 e3+ 32. Ke2 Re4 33. h5 Re5 34.
Rg6+ Kd7 35. Rg7+ Ke6 36. h7 Rxh5 37. Kxe3 a5 38. Kf4 b5 39. Rc7 Kf6 40. Kg4 Rh2
41. Rc8 Rxh7 42. Rxc6+ Ke5 43. Rxc5+ Ke4 44. Rxb5 Rh2 45. a4 Kd3 46. Kf5 Rh4 47.
Ke5 Rxa4 48. Kd6 Kc4 49. Kc6 Ra1 50. Kb6 Ra2 51. Rc5+ Kb3 52. Rb5+ Kc4 53. Kc6
Ra1 54. Rb8 Rh1 55. Kb6 Rh5 56. Ka6 Rg5 57. Rb6 Rh5 58. Rb7 Rg5 59. Rd7 Kb3 60.
Rb7+ Kc4 61. Kb6 Rb5+ 62. Kc6 Rxb7 63. Kxb7 a4 64. Kb6 Kb3 65. Kb5 Kxb2 66. Kxa4
Kxc3 1/2-1/2

[Event "Shenzhen WGP 2011"]
[Site "Shenzhen CHN"]
[Date "2011.09.12"]
[Round "5"]
[White "Cmilyte, Viktorija"]
[Black "Munguntuul, Batkhuyag"]
[Result "0-1"]
[WhiteTitle "GM"]
[BlackTitle "IM"]
[WhiteElo "2525"]
[BlackElo "2465"]
[WhiteFideId "12801259"]
[BlackFideId "4900758"]
[EventDate "2011.09.07"]

1. d4 d5 2. c4 c6 3. Nf3 Nf6 4. Nc3 e6 5. Bg5 h6 6. Bxf6 Qxf6 7. e3 Nd7 8. Bd3
dxc4 9. Bxc4 g6 10. O-O Bg7 11. Re1 O-O 12. e4 e5 13. d5 Rd8 14. h3 Nb6 15. Bb3
Bd7 16. a4 a5 17. Re3 Be8 18. Qe2 Nd7 19. Nd2 Nc5 20. Ba2 Qe7 21. Rf3 Kh7 22.
Rd1 f6 23. Nc4 b5 24. d6 Qa7 25. axb5 cxb5 26. Ne3 b4 27. Ncd5 b3 28. Bb1 Rxd6
29. Ng4 Qa6 30. Qe3 Rc8 31. Rc1 Nd7 32. Rxc8 Qxc8 33. Qxb3 Qc1+ 34. Kh2 a4 35.
Qa2 Bf7 36. Rc3 Qe1 37. Re3 Qf1 38. Bd3 Qc1 39. Qa3 Qc5 40. Qxa4 Bxd5 41. exd5
f5 42. Rg3 fxg4 43. Bxg6+ Rxg6 44. Qxd7 Qxf2 45. Rxg4 h5 46. Rxg6 Kxg6 47. d6
Qf4+ 48. Kh1 Qf7 49. Qc6 Qf1+ 50. Kh2 Qf4+ 51. Kh1 Qd4 52. Qe8+ Kg5 53. d7 Bf6
54. g3 Qd5+ 55. Kh2 h4 56. gxh4+ Kxh4 57. Qg6 Qd2+ 58. Qg2 Qxd7 59. Qe4+ Kg5 60.
Qe3+ Kg6 61. b4 Qd4 62. Qb3 Qf4+ 63. Kg2 e4 64. Qg8+ Bg7 65. Qe8+ Kh6 66. b5
Qf3+ 67. Kh2 e3 68. Qe6+ Kh7 0-1

[Event "Shenzhen WGP 2011"]
[Site "Shenzhen CHN"]
[Date "2011.09.12"]
[Round "5"]
[White "Ruan, Lufei"]
[Black "Kovalevskaya, Ekaterina"]
[Result "1-0"]
[WhiteTitle "WGM"]
[BlackTitle "IM"]
[WhiteElo "2477"]
[BlackElo "2421"]
[WhiteFideId "8602727"]
[BlackFideId "4116704"]
[EventDate "2011.09.07"]

1. e4 c5 2. Nf3 d6 3. d4 cxd4 4. Nxd4 Nf6 5. Nc3 Nc6 6. Bg5 Bd7 7. Qd2 Rc8 8.
O-O-O Nxd4 9. Qxd4 Qa5 10. Bd2 a6 11. Kb1 Qc5 12. Qxc5 Rxc5 13. f3 e6 14. Be3
Rc8 15. Bf4 Rc6 16. Be2 h6 17. Rd2 g5 18. Be3 Bg7 19. Rhd1 Ke7 20. e5 dxe5 21.
Ne4 Bc8 22. Bc5+ Rxc5 23. Nxc5 Nd5 24. g3 Ne3 25. Re1 Nf5 26. c3 Rd8 27. Red1
Rxd2 28. Rxd2 Nd6 29. Ne4 Ne8 30. g4 f5 31. Ng3 Nf6 32. gxf5 exf5 33. Bd3 e4 34.
Re2 g4 35. fxe4 f4 36. Nf5+ Bxf5 37. exf5+ Kd8 38. Kc2 h5 39. Be4 f3 40. Bxf3
gxf3 41. Rf2 Ng4 42. Rxf3 Nxh2 43. Rh3 Ng4 44. Rxh5 Bf6 45. Rh7 Be7 46. Kd3 Kd7
47. Rg7 Nf6 48. c4 Ne8 49. Rh7 Nf6 50. Rh8 Kd6 51. b4 Ke5 52. a3 a5 53. Rb8 axb4
54. Rxb7 Bd6 55. Rb5+ Kf4 56. axb4 Be5 57. c5 Kxf5 58. Kc4 Ke6 59. Rb6+ Kd7 60.
b5 Ne8 61. Rb7+ Bc7 62. Ra7 Kc8 63. b6 Bb8 64. Rh7 Kd8 65. c6 Be5 66. Rd7+ 1-0

[Event "Shenzhen WGP 2011"]
[Site "Shenzhen CHN"]
[Date "2011.09.13"]
[Round "6"]
[White "Kovalevskaya, Ekaterina"]
[Black "Ju, Wenjun"]
[Result "1/2-1/2"]
[WhiteTitle "IM"]
[BlackTitle "WGM"]
[WhiteElo "2421"]
[BlackElo "2536"]
[WhiteFideId "4116704"]
[BlackFideId "8603006"]
[EventDate "2011.09.07"]

1. Nf3 Nf6 2. g3 g6 3. Bg2 Bg7 4. O-O O-O 5. d4 d6 6. Nc3 d5 7. Ne5 c6 8. Re1
Nfd7 9. Nxd7 Nxd7 10. e4 dxe4 11. Nxe4 Nf6 12. Nc5 Nd7 13. Nxd7 Bxd7 14. c3 Re8
15. Bf4 Qb6 16. Qb3 Be6 17. Qxb6 axb6 18. a3 b5 19. Rad1 Rad8 20. Bc7 Rd7 21.
Bf4 Bb3 22. Rc1 f6 23. h4 Kf7 24. Bf3 Bd5 25. Bxd5+ Rxd5 26. Kg2 Red8 27. Rc2
R8d7 28. Rce2 h5 29. Re6 Rf5 30. R6e4 Rfd5 31. Re6 Rf5 32. R6e4 Rfd5 1/2-1/2